Welcome to CU Library Online Public Access Catalogue (OPAC)

Culture, society, and the media / (Record no. 8994)

MARC details
000 -LEADER
fixed length control field 00908pam a2200253 a 4500
001 - CONTROL NUMBER
control field 3856860
005 - DATE AND TIME OF LATEST TRANSACTION
control field 20260312183305.0
008 - FIXED-LENGTH DATA ELEMENTS--GENERAL INFORMATION
fixed length control field 880906r19881982enka b 001 0 eng
020 ## - INTERNATIONAL STANDARD BOOK NUMBER
International Standard Book Number 0415027896
Qualifying information pbk.
020 ## - INTERNATIONAL STANDARD BOOK NUMBER
International Standard Book Number 0416735002
020 ## - INTERNATIONAL STANDARD BOOK NUMBER
International Standard Book Number 9780415027892
Qualifying information (pbk.)
020 ## - INTERNATIONAL STANDARD BOOK NUMBER
International Standard Book Number 9780416735000
050 10 - LIBRARY OF CONGRESS CALL NUMBER
Classification number HN400.M3
Item number C85 1988
082 00 - DEWEY DECIMAL CLASSIFICATION NUMBER
Classification number 302.2/3
Edition information 19
245 00 - TITLE STATEMENT
Title Culture, society, and the media /
Statement of responsibility, etc. edited by Michael Gurevitch ... [et al.].
260 ## - PUBLICATION, DISTRIBUTION, ETC.
Place of publication, distribution, etc. London ;
-- New York :
Name of publisher, distributor, etc. Routledge,
Date of publication, distribution, etc. 1988
Date of manufacture (1990 printing)
300 ## - PHYSICAL DESCRIPTION
Extent 317 p. :
Other physical details ill. ;
Dimensions 24 cm.
500 ## - GENERAL NOTE
General note Originally published: London ; New York : Methuen, 1982.
650 #0 - SUBJECT ADDED ENTRY--TOPICAL TERM
Topical term or geographic name entry element Mass media
General subdivision Social aspects
Geographic subdivision Great Britain.
650 #0 - SUBJECT ADDED ENTRY--TOPICAL TERM
Topical term or geographic name entry element Mass media
General subdivision Social aspects
Geographic subdivision United States.
700 1# - ADDED ENTRY--PERSONAL NAME
Personal name Gurevitch, Michael.
856 42 - ELECTRONIC LOCATION AND ACCESS
Materials specified Publisher description
Uniform Resource Identifier <a href="http://www.loc.gov/catdir/enhancements/fy0648/88029700-d.html">http://www.loc.gov/catdir/enhancements/fy0648/88029700-d.html</a>
942 ## - ADDED ENTRY ELEMENTS (KOHA)
Source of classification or shelving scheme Library of Congress Classification
Koha item type Books
Suppress in OPAC No
999 ## -
-- 8994
-- 8994
Holdings
Withdrawn status Lost status Source of classification or shelving scheme Damaged status Not for loan Collection Home library Current library Shelving location Date acquired Total checkouts Full call number Barcode Date last seen Copy number Price effective from Koha item type
    Library of Congress Classification     Non-fiction Business Library (Miotso) Business Library (Miotso) General stacks 03/11/2026   HN400.M3 C85 1988 BSSM00002674 03/12/2026 1 03/11/2026 Books
© 2023-2024 Copyright: Central University Libraries. All Rights Reserved | Created by: Mahone Tech Office